000 00277nam a22001337a 4500
008 210302b ||||| |||| 00| 0 eng d
020 _a9781601520494
041 _aeng
080 _a573
100 _a11
101 _aBIO
245 _aCloning
_cRoleff,L.T
942 _2udc
_cBK
999 _c55478
_d55478